[Event "ROM-ch U10 Girls"]
[Site "Baile Felix"]
[Date "2017.02.06"]
[Round "6"]
[White "Chira Jurj, Miruna Emilia"]
[Black "Chira, Mara Alexia"]
[Result "0-1"]
[WhiteElo "1001"]
[BlackElo "1125"]
[PlyCount "82"]
[EventDate "2017.02.02"]
[EventType "swiss"]
[EventRounds "9"]
[EventCountry "ROU"]
[SourceTitle "CBM 176 Extra"]
[Source "ChessBase"]
[SourceDate "2017.03.02"]
[SourceVersion "1"]
[SourceVersionDate "2017.03.02"]
[SourceQuality "1"]

1. e4 e5 2. Nf3 Nc6 3. Bb5 Nf6 4. Qe2 Bc5 5. 0-0 0-0 6. c3 a6 7. Ba4 b5 8. Bb3 d6 9. d3 Bg4 10. Nbd2 a5 11. h3 Bh5 12. Rd1 b4 13. Nf1 bxc3 14. bxc3 a4 15. Bd5 Qd7 16. Ng3 Bg6 17. Bxc6 Qxc6 18. d4 exd4 19. cxd4 Bb4 20. a3 Bc3 21. Bb2 Bxb2 22. Rab1 Bxa3 23. d5 Qa6 24. Ra1 Qxe2 25. Nxe2 Bc5 26. Rac1 Nxe4 27. Rf1 Bh5 28. g4 Bg6 29. h4 f6 30. Ne1 Nd2 31. h5 Nxf1 32. hxg6 Nd2 33. Rc2 Ne4 34. gxh7+ Kxh7 35. Rc1 Bxf2+ 36. Kf1 Bxe1 37. Kxe1 c5 38. Nf4 a3 39. Rc2 a2 40. Rh2+ Kg8 41. Ng6 a1Q+ 0-1

[Event "ROM-ch U10 Girls"]
[Site "Baile Felix"]
[Date "2017.02.04"]
[Round "3"]
[White "Ghenu, Ilinca Maria"]
[Black "Chira Jurj, Miruna Emilia"]
[Result "1-0"]
[WhiteElo "1001"]
[BlackElo "1001"]
[PlyCount "43"]
[EventDate "2017.02.02"]
[EventType "swiss"]
[EventRounds "9"]
[EventCountry "ROU"]
[SourceTitle "CBM 176 Extra"]
[Source "ChessBase"]
[SourceDate "2017.03.02"]
[SourceVersion "1"]
[SourceVersionDate "2017.03.02"]
[SourceQuality "1"]

1. e4 e5 2. Nf3 Nc6 3. Bc4 Bc5 4. c3 Nf6 5. d4 d5 6. Bb5 dxe4 7. Nxe5 Bd7 8. Nxc6 bxc6 9. Bc4 Bb6 10. 0-0 0-0 11. Re1 Re8 12. Bg5 Be6 13. Ba6 c5 14. Rxe4 Qd7 15. Bxf6 gxf6 16. Na3 f5 17. Rh4 Rad8 18. h3 Qe7 19. Qh5 Qf6 20. Qxh7+ Kf8 21. Rh6 Qe7 22. Qh8# 1-0

[Event "ROM-ch U10 Girls"]
[Site "Baile Felix"]
[Date "2017.02.02"]
[Round "1"]
[White "Salajan, Stefania"]
[Black "Chira Jurj, Miruna Emilia"]
[Result "1-0"]
[WhiteElo "1205"]
[BlackElo "1001"]
[PlyCount "115"]
[EventDate "2017.02.02"]
[EventType "swiss"]
[EventRounds "9"]
[EventCountry "ROU"]
[SourceTitle "CBM 176 Extra"]
[Source "ChessBase"]
[SourceDate "2017.03.02"]
[SourceVersion "1"]
[SourceVersionDate "2017.03.02"]
[SourceQuality "1"]

1. e4 e5 2. Nf3 Nc6 3. d4 exd4 4. Nxd4 d6 5. Bb5 Bd7 6. 0-0 Nf6 7. Bg5 Be7 8. Re1 0-0 9. Nc3 h6 10. Bh4 a6 11. Bxc6 Bxc6 12. Nxc6 bxc6 13. h3 Qd7 14. e5 dxe5 15. Qxd7 Nxd7 16. Bxe7 Rfe8 17. Ba3 Rad8 18. Rad1 c5 19. Ne4 Nf6 20. Nxf6+ gxf6 21. Bxc5 Rxd1 22. Rxd1 Rb8 23. b3 Rb5 24. Be3 Kh7 25. Rd7 Ra5 26. Rxf7+ Kg6 27. Rxc7 Rxa2 28. c4 Ra1+ 29. Kh2 Rb1 30. Ra7 Rxb3 31. Rxa6 Rc3 32. Rc6 h5 33. Rc7 f5 34. g3 Rc2 35. Kg2 Re2 36. Kf3 Rc2 37. c5 e4+ 38. Kg2 Kf6 39. c6 Ke5 40. Rc8 Kd6 41. Bf4+ Ke7 42. c7 Kd7 43. Rd8+ Ke7 44. c8Q Rxc8 45. Rxc8 Kd7 46. Rh8 Ke6 47. f3 exf3+ 48. Kxf3 Kf6 49. Rxh5 Kg6 50. Rg5+ Kf6 51. h4 Kf7 52. h5 Kf8 53. h6 Kf7 54. h7 Kf8 55. h8Q+ Kf7 56. Qh6 Ke7 57. Rg7+ Ke8 58. Qh8# 1-0

[Event "ROM-ch U08 Girls"]
[Site "Calimanesti Caciulata"]
[Date "2016.04.24"]
[Round "8"]
[White "Chira Jurj, Miruna Emilia"]
[Black "Preda, Maria C"]
[Result "0-1"]
[WhiteElo "1001"]
[BlackElo "1001"]
[PlyCount "56"]
[EventDate "2016.04.18"]
[EventType "swiss"]
[EventRounds "9"]
[EventCountry "ROU"]
[SourceTitle "CBM 172 Extra"]
[Source "ChessBase"]
[SourceDate "2016.06.21"]
[SourceVersion "1"]
[SourceVersionDate "2016.06.21"]
[SourceQuality "1"]

1. e4 e5 2. Nf3 Nc6 3. d3 Nf6 4. Nc3 Bc5 5. Bg5 h6 6. Bxf6 Qxf6 7. Be2 Nd4 8. Nd5 Qc6 9. 0-0 Nxf3+ 10. Bxf3 0-0 11. c3 d6 12. Ne7+ Kh8 13. Nxc6 bxc6 14. d4 exd4 15. cxd4 Bb6 16. h3 c5 17. Bg4 Bb7 18. d5 Rfe8 19. Re1 Ba5 20. Bd7 Re7 21. Re3 Rxd7 22. e5 c6 23. dxc6 Bxc6 24. exd6 Rad8 25. Rc1 Rxd6 26. Rxc5 Rxd1+ 27. Kh2 Bc7+ 28. g3 Rh1# 0-1

[Event "ROM-ch U08 Girls"]
[Site "Calimanesti Caciulata"]
[Date "2016.04.23"]
[Round "7"]
[White "Silvester, Karina Atena"]
[Black "Chira Jurj, Miruna Emilia"]
[Result "1/2-1/2"]
[WhiteElo "1001"]
[BlackElo "1001"]
[PlyCount "60"]
[EventDate "2016.04.18"]
[EventType "swiss"]
[EventRounds "9"]
[EventCountry "ROU"]
[SourceTitle "CBM 172 Extra"]
[Source "ChessBase"]
[SourceDate "2016.06.21"]
[SourceVersion "1"]
[SourceVersionDate "2016.06.21"]
[SourceQuality "1"]

1. e4 e5 2. Nf3 Nc6 3. Nc3 Nf6 4. Be2 Be7 5. 0-0 0-0 6. h3 b6 7. d3 Ba6 8. Bd2 d6 9. Bg5 b5 10. Bxf6 Bxf6 11. Nd5 Bg5 12. Nxg5 Nd4 13. Bh5 g6 14. Bg4 Rb8 15. c3 Ne6 16. Nxe6 fxe6 17. Bxe6+ Kh8 18. Nb4 Qe8 19. Bd5 Bb7 20. Bxb7 Rxb7 21. d4 a5 22. Nc2 d5 23. exd5 e4 24. Rc1 Rf5 25. b4 a4 26. c4 bxc4 27. Na3 Rxb4 28. Nc2 Rb2 29. Ra1 Rxd5 30. Qc1 Qb5 1/2-1/2